000 00760nam a2200241Ia 4500
003 GCL
008 140319s9999 xx 000 0 ara d
040 _aGCL /
_cGCL
082 0 4 _a953.07
_bع م
100 1 _aعبدالفتاح مقلد الغنيمى
245 1 0 _aموسوعة المغرب العربى /
_cعبدالفتاح مقلد الغنيمى
260 _a[S.N] :
_bمكتبة مجاهد ،
_c1994
300 _a423 ص
490 _a
650 0 4 _aالدولة الفاطمية
650 0 4 _aالتاريخ الاسلامى
650 0 4 _aالمرابطون
650 0 4 _aالموحدون
650 0 4 _aالمغرب العربى
650 0 4 _aفتح شمال افريقيا
650 0 4 _aالدولة السعدية
942 _2ddc
_cBK
999 _c35072
_d35072